Nyelvtörténet és őstörténet

Elmentve itt :
Bibliográfiai részletek
Szerző: Róna-Tas András
Dokumentumtípus: Cikk
Megjelent: Akadémiai Kiadó Budapest 1991
Sorozat:Tanulmányok a magyar nyelvtudomány történetének témaköréből
Kulcsszavak:Magyar nyelvtörténet, Őstörténet - magyar
Tárgyszavak:
Online Access:http://misc.bibl.u-szeged.hu/64551
LEADER 00895nab a2200241 i 4500
001 misc64551
005 20231024115833.0
008 230627s1991 hu o 0|| hun d
040 |a SZTE Miscellanea Repozitórium  |b hun 
041 |a hun 
100 2 |a Róna-Tas András 
245 1 0 |a Nyelvtörténet és őstörténet  |h [elektronikus dokumentum] /  |c  Róna-Tas András 
260 |a Akadémiai Kiadó  |b Budapest  |c 1991 
300 |a 561-567  |c 24 cm 
300 |a [7] p.  |c 24 cm 
490 0 |a Tanulmányok a magyar nyelvtudomány történetének témaköréből 
561 |a Németh Gyula hagyaték 
591 |a NOA 5221 
650 4 |a Bölcsészettudományok 
650 4 |a Történettudomány és régészet 
650 4 |a Nyelvek és irodalom 
695 |a Magyar nyelvtörténet, Őstörténet - magyar 
856 4 0 |u http://misc.bibl.u-szeged.hu/64551/1/5221_noa.pdf  |z Dokumentum-elérés